Managua: entre la fragmentación urbana y los riesgos naturales /
Tallennettuna:
| Päätekijä: | |
|---|---|
| Muut tekijät: | |
| Aineistotyyppi: | Teksti |
| Aiheet: | |
| Tagit: |
Lisää tagi
Ei tageja, Lisää ensimmäinen tagi!
|
MARC
| LEADER | 00000 a a2200000 04500 | ||
|---|---|---|---|
| 001 | 15556 | ||
| 003 | |||
| 040 | |||
| 100 | |a Hardy, Sébastien | ||
| 245 | |a Managua: entre la fragmentación urbana y los riesgos naturales / |c Sébastien Hardy ; traducido por Sylviane Fournier | ||
| 650 | |a DESASTRES NATURALES | ||
| 650 | |a PLANIFICACION URBANA | ||
| 650 | |a TERREMOTOS | ||
| 650 | |a PREVENCION DE DESASTRES | ||
| 650 | |a RIESGO | ||
| 700 | |a Fournier, Sylviane |e traductor | ||
| 773 | |g número 15 -16, ESPECIAL; páginas 73-90 | ||
| 999 | |c 38330 |d 38330 | ||
